[Event "Guimaraes Open 2018"]
[Site "Guimaraes"]
[Date "2018.10.06"]
[Round "5"]
[White "Medarde Santiago, Luis Marcos"]
[Black "Santos, Jose Guilherme Barr"]
[Result "1-0"]
[WhiteElo "2384"]
[BlackElo "2108"]
[Annotator "TA"]
[PlyCount "67"]
[EventDate "2018.10.04"]
[EventType "swiss"]
[EventCountry "POR"]
[SourceTitle "playchess.com"]
[Source "ChessBase"]
[SourceQuality "1"]

{[%evp 15,66,-15,-8,-9,0,1,27,-1,0,-2,42,0,0,-19,30,49,38,33,92,54,68,17,18,0,0,0,0,0,0,0,0,0,43,35,125,0,0,0,0,0,0,0,0,0,0,-59,-57,-69,-70,-62,-25,-14,29999]} 1. e4 c5 2. Nf3 d6 3. d4 cxd4 4. Nxd4 Nf6 5. Nc3 a6 6. Bc4 e6 7. Bb3 Nbd7 8. g4 Nc5 9. f3 {B86: Sicilian Scheveningen/Najdorf: 6 Bc4, without early ...b5} (9. Qe2 b5 10. g5 b4 11. Nd5 Nfxe4 12. f3 Nxb3 13. axb3 exd5 14. Nc6 Qb6 15. fxe4 d4 16. Qc4 Be6 {0-1 (16) Quesada Vera,L (2373)-Diaz Murgada,R (2435) Santa Clara 2018}) 9... Be7 10. Be3 Qc7 11. Qd2 {White has an edge.} b5 12. a3 Bb7 13. O-O-O (13. Ba2 $14) 13... Nxb3+ $11 14. Nxb3 Rc8 $146 ({Predecessor:} 14... O-O 15. h4 Rfd8 16. Rh3 d5 17. e5 Nd7 18. f4 b4 19. axb4 Bxb4 {0-1 (35) Schulze,D (2008)-Daemering,K (2020) Braunfels 2012}) 15. Bf4 {[%cal Rf4d6]} e5 16. Bg5 Nd7 (16... h5 $14) 17. Bxe7 Kxe7 18. Na5 (18. f4 $14) 18... Ba8 $1 19. Nd5+ Bxd5 $1 20. exd5 Rhe8 $1 21. Kb1 Kf8 22. h4 Kg8 23. h5 e4 24. fxe4 Rxe4 {[#]} (24... Nf6 $14) 25. Nc6 (25. h6 $1 $16) 25... Ne5 26. h6 {Threatens to win with Qg5.} Nxc6 27. dxc6 {Hoping for Qg5.} Rxg4 28. Rhg1 Rg6 $1 29. Rxg6 $1 $40 {[%mdl 128] White has some attack.} hxg6 30. Qh2 ({Better is} 30. hxg7 $11 Qxc6 31. Qh6 Qxc2+ 32. Ka2) 30... Qxc6 $15 {aiming for ...gxh6.} 31. hxg7 Kxg7 32. Rh1 Qc4 33. Ka1 $1 Rc5 $2 {[%mdl 8192] [#]} (33... Re8 $11) 34. Qh8# {Precision: White = 61%, Black = 36%.} 1-0

[Event "Guimaraes Open 2018"]
[Site "Guimaraes"]
[Date "2018.10.06"]
[Round "5"]
[White "Herrera Reyes, Jose Antonio"]
[Black "Dias, Ricardo Pedro Cruz"]
[Result "1-0"]
[WhiteElo "2343"]
[BlackElo "2098"]
[Annotator "TA"]
[PlyCount "75"]
[EventDate "2018.10.04"]
[EventType "swiss"]
[EventCountry "POR"]
[SourceTitle "playchess.com"]
[Source "ChessBase"]
[SourceQuality "1"]

{[%evp 9,75,-8,0,-32,-14,-20,-16,-46,-39,-61,-28,-54,-52,-68,-15,-12,30,0,23,28,40,33,116,100,99,16,26,22,20,31,82,68,77,68,64,65,91,63,69,58,71,63,70,79,74,0,0,-9,80,-127,-62,-119,54,68,118,77,115,97,610,609,607,597,717,214,29988,29989,29994,29995]} 1. Nf3 Nf6 2. g3 g6 3. Bg2 Bg7 4. d3 d5 5. c3 (5. O-O O-O 6. Nc3 c5 7. e4 d4 8. Ne2 Nc6 9. Nd2 e5 10. h3 Ne8 11. f4 Nd6 12. g4 f5 13. exf5 gxf5 14. g5 Bd7 {1-0 (37) Nakamura,H (2777)-Hou,Y (2658) chess.com INT 2018}) 5... O-O {LiveBook: 11 Games} 6. Bg5 {A07: Réti Opening: New York and Capablanca Systems} h6 7. Bf4 $146 ({Predecessor:} 7. Bxf6 Bxf6 8. d4 c6 9. O-O Bf5 10. Nbd2 Nd7 11. Re1 e5 12. e4 dxe4 13. Nxe4 Bxe4 14. Rxe4 exd4 15. Nxd4 {1-0 (74) Pueschel,W (2189)-Dreke,F (2037) Berlin 2008}) 7... c5 8. a3 {The position is equal.} Re8 9. Qc1 Kh7 (9... g5 $5 {[%cal Rg5f4]} 10. Be3 Qd6 $11) 10. Ne5 Be6 11. h4 {[%cal Bh2h4,Bh4h5][%mdl 32]} Nfd7 (11... Nh5 $15) 12. Nf3 $11 Bg4 13. h5 g5 {[#]} (13... gxh5 {looks sharper.} 14. Nh2 Be6 15. c4 dxc4 16. Nf1 Nf6) 14. Bxg5 $1 {[%mdl 512]} Bxf3 (14... hxg5 15. Nxg5+) 15. Bxf3 ({Stronger than} 15. exf3 hxg5 16. Qxg5 e6 $17) 15... hxg5 (15... Ne5 $1 $14) 16. Bxd5 $16 Qb6 17. Bxf7 ({Better is} 17. h6 $1 $16 Bf6 18. Bxf7) 17... Rf8 $11 18. Bg6+ Kh8 $1 19. Nd2 c4 (19... Ne5 $14) 20. d4 $1 $16 {[%mdl 1024] White has strong compensation.} e5 21. e3 Qf6 22. Rh2 Bh6 23. Qc2 Nc6 24. O-O-O b5 {[%cal Re5d4]} 25. Ne4 Qe7 26. d5 Na5 27. d6 (27. Kb1 $16) 27... Qe6 $1 $11 28. Kb1 {Black should prevent g4.} Nb3 (28... g4 $11) 29. Nd2 $2 (29. g4 $1 $16 {keeps the pressure on.}) 29... Nbc5 (29... Rad8 $17 30. Nxb3 cxb3) 30. Ne4 {[#]} (30. f3 $1 $15) 30... Nb3 $2 (30... g4 $1 $17) 31. g4 $1 $36 {[%mdl 2048] Black is under pressure.} a5 32. Bf5 Qf7 33. Ng3 {Strongly threatening Bg6.} Ra6 $2 {[%mdl 8192]} (33... Ndc5 $16) 34. Bxd7 $18 Qxd7 {[#]} 35. Qg6 $1 Bg7 36. Nf5 $2 (36. Ne4 {h6 is the strong threat.} Qe8 37. Nxg5 Qxg6+ 38. hxg6+ Kg8 39. Ne6) 36... b4 $2 (36... Rf6 $18 37. Qxg5 (37. Qxg7+ $2 Qxg7 38. d7 Rad6 $17) 37... Rfxd6 38. Nxd6 Rxd6 39. Rxd6 Qxd6) 37. h6 Bf6 {[#]} 38. Qg7+ $1 {[%mdl 512] Precision: White = 52%, Black = 29%.} 1-0

[Event "Guimaraes Open 2018"]
[Site "Guimaraes"]
[Date "2018.10.06"]
[Round "5"]
[White "Chueca Forcen, Alberto"]
[Black "Fernandes, Joao Pedro Murtinho"]
[Result "1-0"]
[WhiteElo "2278"]
[BlackElo "2067"]
[Annotator "TA"]
[PlyCount "77"]
[EventDate "2018.10.04"]
[EventType "swiss"]
[EventCountry "POR"]
[SourceTitle "playchess.com"]
[Source "ChessBase"]
[SourceQuality "1"]

{[%evp 32,77,0,0,0,0,0,0,0,0,56,14,6,9,18,4,43,48,61,65,91,91,91,91,91,91,133,133,103,108,142,131,153,145,275,274,274,274,465,437,628,529,514,813,29982,29983,29981,29980]} 1. e4 c5 2. Nf3 d6 3. d4 cxd4 4. Nxd4 Nf6 5. Nc3 g6 6. f3 Bg7 7. Be3 O-O 8. Qd2 Nc6 9. O-O-O d5 10. exd5 Nxd5 11. Nxc6 bxc6 12. Nxd5 cxd5 13. Qxd5 Qc7 14. Qc5 Qb7 15. Bd4 Bf5 16. Bd3 Rfc8 17. Qa3 Bxd3 {B76: Sizilianisch (Moderne Drachen-Variante)} (17... Bxd4 18. Bxf5 Rc3 19. Be4 Qb6 20. bxc3 Be3+ 21. Rd2 Rd8 22. Bd3 Rb8 23. Kd1 Bxd2 24. Qb3 Qd6 25. Kxd2 {0-1 (43) Ninov,N (2472)-Geller,J (2548) Nancy 2014}) 18. Qxd3 $146 ({Vorgänger:} 18. Rxd3 e5 19. Bc3 e4 20. fxe4 Qxe4 21. Rf3 Bxc3 22. bxc3 Rc7 23. Qa5 Rb7 24. Rd1 Rab8 25. Qg5 {1-0 (89) Boruchovsky,A (2159)-Botvinnik,M (2348) Kefar Sava 2010}) 18... e5 $1 {[%cal Re5d4]} 19. Bc3 Rab8 {Die Stellung ist ausgeglichen.} 20. Rhe1 a5 (20... Rxc3 $11 21. Qxc3 e4) 21. Rxe5 Bxe5 22. Bxe5 Ra8 23. a4 Qc6 (23... Qe7 $5 {[%cal Re7e5]} 24. Bc3 Rd8 $11) 24. b3 $1 f6 25. Bb2 Rd8 26. Qxd8+ Rxd8 27. Rxd8+ $16 {[%mdl 4096] Endspiel KD-KTL} Kf7 28. Rd3 Qc7 29. g3 $1 {[%cal Bg2g3,Bg3g4][%mdl 32]} Qc5 30. Bd4 $1 {[%cal Rd4c5]} Qh5 {[#]} 31. h4 $1 g5 {[#]} 32. hxg5 $1 fxg5 (32... Qxg5+ $16 33. f4 Qf5) 33. g4 $18 Qg6 34. Bc3 Qb6 $2 (34... h5 35. gxh5 (35. Bxa5 h4 $14) 35... Qxh5) 35. Rd5 Qe3+ (35... Qc6 $142 36. Rf5+ Ke8) 36. Kb2 Kg6 37. Rxa5 Qxf3 38. Ra6+ Kf7 39. Rf6+ {Precision: Weiß = 88%, Schwarz = 21%.} 1-0

[Event "Guimaraes Open 2018"]
[Site "Guimaraes"]
[Date "2018.10.06"]
[Round "5"]
[White "Paasikangas-Tella, Johanna"]
[Black "Pintor, Simao Maciel Abranc"]
[Result "1-0"]
[WhiteElo "2233"]
[BlackElo "2047"]
[Annotator "TA"]
[PlyCount "69"]
[EventDate "2018.10.04"]
[EventType "swiss"]
[EventCountry "POR"]
[SourceTitle "playchess.com"]
[Source "ChessBase"]
[SourceQuality "1"]

{[%evp 15,69,0,52,29,20,19,16,18,10,10,17,14,74,73,76,68,77,81,81,78,83,65,66,61,69,63,88,80,108,107,100,109,125,104,283,277,289,296,325,335,321,321,321,310,395,241,725,309,720,695,29985,29986,29986,29987,29987,29988]} 1. d4 d5 2. Bg5 Nf6 3. Nd2 e6 4. e3 c5 5. c3 Be7 6. Bd3 O-O 7. Ngf3 Nc6 8. O-O Qc7 {LiveBook: 5 Partien. D03: Damenbauernspiele} (8... b6 $11) 9. Bxf6 (9. Re1 Rd8 10. dxc5 Bxc5 11. Bxf6 gxf6 12. Nd4 Ne5 13. Bc2 f5 14. Qh5 Bf8 15. f4 Ng4 {1-0 (55) Artemiev,V (2691)-Esipenko,A (2564) Riadh 2017}) 9... Bxf6 10. dxc5 a5 {Die Stellung ist ausgeglichen.} 11. a4 $146 ({Vorgänger:} 11. Nb3 Be7 12. Nfd4 Ne5 13. Nb5 Qd7 14. a4 Nxd3 15. Qxd3 Qc6 {½-½ (39) Luna,M-Sartor,A Saladillo 1992}) 11... Ne5 12. Nxe5 Bxe5 13. h3 Qxc5 {[#]} (13... g6 $11) 14. Bxh7+ $1 $16 {[%mdl 512]} Kxh7 15. Qh5+ Kg8 {Droht ...Dc7 und aus.} 16. Qxe5 Bd7 17. Qd4 Qc7 18. Nf3 b5 19. axb5 Bxb5 20. Rfc1 {c4! ist eine echte Drohung.} f6 21. e4 dxe4 22. Qxe4 Bc4 23. Nd4 Bd5 24. Qg4 {Und weiter mit c4 wäre nett.} ({Nicht} 24. Nxe6 $2 Qc6 $19) 24... Rfb8 $2 (24... f5 $16 25. Qe2 Qb7) 25. c4 $18 {[%cal Bc3c4,Bc4d5][%mdl 32]} ({Jedoch nicht} 25. Nxe6 $6 Qd7 $16) 25... f5 26. Qg6 (26. cxd5 Qxc1+ 27. Rxc1 fxg4 $15) 26... Qe5 27. cxd5 Qxd4 28. Qxe6+ Kh8 29. Qxf5 Qxb2 30. Rab1 Qd2 $2 (30... Qf6 31. Rxb8+ Rxb8) 31. Rxb8+ Rxb8 32. Rc4 {[#] Droht Matt per Th4+.} Qe2 33. Rh4+ {Weiß setzt Matt.} Kg8 34. Qh7+ Kf7 35. Rf4+ {Precision: Weiß = 83%, Schwarz = 31%.} 1-0

[Event "Guimaraes Open 2018"]
[Site "Guimaraes"]
[Date "2018.10.06"]
[Round "5"]
[White "Costa, Paulo Jorge Lopes d"]
[Black "Areal, Pedro Miguel Rosa"]
[Result "1-0"]
[WhiteElo "2191"]
[BlackElo "1734"]
[Annotator "TA"]
[PlyCount "35"]
[EventDate "2018.10.04"]
[EventType "swiss"]
[EventCountry "POR"]
[SourceTitle "playchess.com"]
[Source "ChessBase"]
[SourceQuality "1"]

{[%evp 12,35,2,0,37,31,42,41,100,70,87,99,351,353,788,770,714,622,706,596,888,890,855,853,811,673]} 1. d4 d5 2. Nf3 Nf6 3. c4 c6 4. Qc2 dxc4 5. Qxc4 Bf5 6. Nc3 e6 7. g3 Ne4 {D23: Queen's Gambit Accepted: 3 Nf3 Nf6 sidelines} (7... Be7 8. Bg2 O-O 9. O-O Nbd7 10. e3 b5 11. Qe2 b4 12. Nb1 Rc8 13. Rd1 c5 14. dxc5 Rxc5 15. Nd4 Be4 16. Bxe4 Nxe4 17. f3 Nef6 18. Nd2 Qb6 19. N2b3 Rcc8 20. Kh1 a5 21. Qb5 Qxb5 22. Nxb5 a4 23. N3d4 g6 24. Na7 {½-½ (24) Van Wely,L (2664)-Krejci,J (2533) Germany 2015}) 8. Bg2 Nd7 9. O-O Ndf6 $146 (9... Be7 $14) ({Predecessor:} 9... Nxc3 10. bxc3 Be4 11. Nd2 Bxg2 12. Kxg2 Be7 13. Rb1 Nb6 14. Qb3 Qd5+ 15. e4 Qxb3 16. Nxb3 {½-½ (41) Arduman,C (2319)-Goksel,D (2130) Kusadasi 2004}) 10. Nh4 {[%cal Bf3h4,Bh4f5,Bf5g7][%mdl 32]} Nxc3 11. Nxf5 Nxe2+ $2 {[%mdl 8192] [#]} (11... Ncd5 $16) 12. Qxe2 $18 Be7 $2 (12... h6 13. Bd2 g6) 13. Nxg7+ {White is clearly winning.} Kd7 14. Bh3 Qg8 15. Nh5 Rd8 16. Nxf6+ Bxf6 {[#]} 17. d5 $1 cxd5 18. Bf4 {Precision: White = 96%, Black = 20%.} 1-0

[Event "Guimaraes Open 2018"]
[Site "Guimaraes"]
[Date "2018.10.06"]
[Round "5"]
[White "Rey Malde, Henrique"]
[Black "Belo, Andre Nabais Moura"]
[Result "1-0"]
[WhiteElo "2177"]
[BlackElo "1718"]
[Annotator "TA"]
[PlyCount "113"]
[EventDate "2018.10.04"]
[EventType "swiss"]
[EventCountry "POR"]
[SourceTitle "playchess.com"]
[Source "ChessBase"]
[SourceQuality "1"]

{[%evp 11,113,35,74,70,76,64,61,41,82,85,82,0,89,58,97,50,101,53,70,46,37,25,28,21,31,0,36,16,31,27,29,15,6,0,2,0,20,36,102,94,107,71,60,12,13,3,51,45,71,64,61,76,117,115,106,92,105,95,110,43,44,15,12,0,147,147,146,166,166,159,212,206,216,212,263,265,271,261,257,249,248,247,5064,5064,5065,5065,5265,5064,5206,4257,5097,1306,29966,5089,29969,4890,29977,29978,29972,29971,29984,29985,29984,29984]} 1. e4 d5 2. exd5 Nf6 3. Bb5+ Bd7 4. Be2 Nxd5 5. Nf3 e6 6. d4 Be7 7. O-O {B01: Scandinavian Defence} O-O 8. c4 Nf6 9. Nc3 {White is slightly better.} Bc6 10. Ne5 Nfd7 11. Nf3 $146 {[#] aiming for d5.} ({Predecessor:} 11. Nxf7 Rxf7 12. d5 exd5 13. cxd5 Nb6 14. dxc6 Nxc6 {1-0 (51) Matsuura,E (2441)-Silveira,M (2223) Brasilia 2000}) 11... Nf6 $1 12. a3 a5 13. h3 b6 (13... Ne4 $14) 14. Be3 Re8 15. Qd2 Ne4 16. Qc2 (16. Nxe4 {looks sharper.} Bxe4 17. Ng5 Bb7 18. Bh5 g6 19. Bf3) 16... Nxc3 17. Qxc3 Nd7 18. Rfd1 Nf6 19. Rac1 Bb7 20. Ne5 Nd7 21. Nd3 Bg5 22. f4 Bh4 23. Ne5 Nxe5 24. dxe5 Qe7 (24... Qb8 $14) 25. c5 $16 Bd5 26. cxb6 (26. Kh2 {with more complications.} Qf8 27. Bc4 Bxc4 28. Qxc4 Rab8 29. cxb6 cxb6 30. Qb5) 26... cxb6 27. Qc7 (27. Bb5 {keeps more tension.} Reb8 28. Kh2 Qd8 29. Qd4 Be7 30. f5) 27... Qxc7 28. Rxc7 Bd8 (28... Rac8 $5 {[%cal Rc8c7]} 29. Rdc1 (29. Bxb6 Bd8 $17) 29... Rxc7 30. Rxc7 Bg3 $11) 29. Rc3 Rb8 30. Bb5 Re7 31. Rdc1 Bb7 32. Bf2 $36 {[%mdl 2048] Keeping Black busy.} f6 33. Bh4 Kf7 34. f5 Bd5 35. Rf1 (35. Bg3 $16 {Black must now prevent exf6.} fxe5 36. fxe6+ Bxe6 37. Bxe5) 35... Rc7 $14 36. Rxc7+ Bxc7 37. fxe6+ Kxe6 (37... Bxe6 $11 {remains equal.} 38. exf6 g6) 38. exf6 $16 Be5 {[%cal Rg7f6]} 39. f7 Rf8 {[#]} 40. Be8 $1 Bd4+ (40... Kd6 $16 41. b4 axb4) 41. Kh1 $18 Bf6 42. Bg3 Be7 43. Re1+ Kf6 44. Be5+ Kg6 45. Bxg7 $1 Kxg7 46. Rxe7 Bxf7 $2 (46... Rh8 47. Rd7 Bc4) 47. Rxf7+ Rxf7 48. Bxf7 Kxf7 {[%mdl 4096] Endgame KP-KP} 49. g4 Ke6 50. Kg2 Kd5 51. h4 (51. a4 $142 Ke6 52. Kf3) 51... Kc4 52. g5 (52. h5 $142 Kd5 53. a4 Ke6 54. Kg3 h6 55. Kf4 Kd6 56. Kf5 Kc5 57. g5 hxg5 58. h6) 52... Kd4 53. Kg3 (53. a4 $142 Ke5 54. Kg3 Kd5 55. Kf4 Kc4 56. h5 Kb4 57. g6 hxg6 58. hxg6) 53... Ke5 54. Kg4 {White mates.} a4 55. h5 {[%cal Bh4h5,Bh5h6][%mdl 32]} b5 56. h6 Ke6 57. g6 {Precision: White = 32%, Black = 37%.} 1-0

[Event "Guimaraes Open 2018"]
[Site "Guimaraes"]
[Date "2018.10.06"]
[Round "5"]
[White "Represa Perez, Mireya"]
[Black "Barbosa, Paulo Jorge Pereira"]
[Result "1-0"]
[WhiteElo "2151"]
[BlackElo "1982"]
[Annotator "TA"]
[PlyCount "47"]
[EventDate "2018.10.04"]
[EventType "swiss"]
[EventCountry "POR"]
[SourceTitle "playchess.com"]
[Source "ChessBase"]
[SourceQuality "1"]

{[%evp 17,47,51,33,22,178,168,185,177,242,160,161,161,171,171,156,162,176,169,235,166,209,241,492,470,729,730,722,715,29987,1365,1629,1558]} 1. e4 c5 2. Nf3 g6 3. c3 d5 4. e5 Bg7 5. d4 cxd4 6. cxd4 Nc6 7. Bb5 {B27: Sicilian: 2 Nf3, unusual Black 2nd moves} Bd7 8. Nc3 a6 9. Bxc6 Bxc6 {LiveBook: 7 Games} 10. O-O h6 $146 {[#]} (10... Rc8 $11 {and Black is okay.}) ({Predecessor:} 10... e6 11. Bg5 Qd7 12. Qd2 h6 13. Bh4 g5 14. Bg3 Ne7 {1-0 (53) Nepomniachtchi,I (2705)-Zvjaginsev,V (2660) Moscow 2015}) 11. e6 $1 $18 Bf6 12. Qd3 Qd6 (12... Kf8 {was worth a try.} 13. exf7 Kxf7) 13. exf7+ Kxf7 14. Re1 e6 15. Ne5+ Bxe5 16. Rxe5 ({Don't take} 16. dxe5 Qd7 $16) 16... Re8 17. Bf4 {[#] And now Rf5+! would win.} Qd8 (17... Nf6 {was called for.} 18. Qd2 Qe7 19. Bxh6 Nd7) 18. Rae1 {Threatens to win with R5e3.} Nf6 19. R5e3 Kg7 $2 (19... Ref8 {was necessary.} 20. Be5 Kg7) 20. Rg3 Ne4 (20... g5 $142 21. Be5 Rhg8) 21. Nxe4 dxe4 22. Rxe4 {Threatening mate with Be5+.} ({Less strong is} 22. Be5+ Kh7 $16) 22... Kh7 23. Re5 (23. Rxg6 $142 Bxe4 24. Qxe4 Qxd4 25. Rxh6+ Kg8 26. Qxd4 Rxh6 27. Bxh6 Re7 28. Qd8+ Kf7 29. Bg5) 23... Qf6 24. Rh5 {Precision: White = 84%, Black =  9%.} 1-0

[Event "Guimaraes Open 2018"]
[Site "Guimaraes"]
[Date "2018.10.06"]
[Round "5"]
[White "Abella Vazquez, Cesar"]
[Black "Martin Duque, Jesus"]
[Result "1/2-1/2"]
[WhiteElo "2120"]
[BlackElo "2354"]
[Annotator "TA"]
[PlyCount "87"]
[EventDate "2018.10.04"]
[EventType "swiss"]
[EventCountry "POR"]
[SourceTitle "playchess.com"]
[Source "ChessBase"]
[SourceQuality "1"]

{[%evp 20,87,32,12,32,-11,0,0,-7,-11,0,-7,20,-21,-23,-31,-23,-35,-15,-21,0,0,0,-50,-14,-50,0,-52,-18,-60,-11,-20,-39,-14,-61,0,27,-96,-12,-114,-87,-79,-87,-156,-115,-104,-51,-133,-3,-34,-29,-57,-27,-31,-45,-28,0,0,0,0,0,0,4,0,0,0,0,0,0,0]} 1. e4 d6 2. d4 Nf6 3. Nc3 e5 4. Nf3 Nbd7 5. Be2 Be7 6. O-O O-O 7. Re1 c6 8. a4 Qc7 {C41: Philidor Defence} 9. a5 Re8 10. Bf1 Nf8 11. h3 {LiveBook: 3 Games} Ng6 12. g3 (12. Be3 Bd7 13. Bc4 h6 14. d5 c5 15. Bf1 Rf8 16. Qb1 {½-½ (73) Zvjaginsev,V (2660)-Kunin,V (2556) Berlin 2015}) 12... h6 13. d5 $146 ({Predecessor:} 13. Be3 Bd7 14. Qd2 Nh7 15. Bg2 f5 16. exf5 Bxf5 17. dxe5 dxe5 {½-½ (34) Damjanovic,V (1939)-Pletl,A (2240) Senta 2018}) 13... Bd7 14. a6 b6 15. dxc6 Bxc6 (15... Qxc6 {is interesting.} 16. Nh2 Qc8 17. h4 Nf8 18. Be2 Ne6) 16. Nd5 Nxd5 17. exd5 Bd7 18. Ra3 Rac8 19. c4 f5 20. b4 Bf6 21. Bb2 Qd8 (21... b5 $5) 22. Qa1 Rc7 23. Rb3 ({Better is} 23. b5 $11) 23... Qc8 (23... b5 $5 24. cxb5 Qb8 $11) 24. Qa3 h5 25. h4 Rxc4 26. Bxc4 Qxc4 27. Rc3 Qxd5 28. Rc7 {[#]} (28. Rd3 $11 Qf7 29. Rxd6) 28... Bc6 ({Black should try} 28... Bb5 $1 $17) 29. Rxa7 (29. Re3 $11 {remains equal.} Bb5 30. Rxa7) 29... Qxf3 $17 30. Qxf3 Bxf3 31. Rc7 (31. Re3 $142 Ba8 32. Rd7) 31... b5 32. Ra1 Nf8 (32... Ne7 $17 33. a7 Ba8) 33. Ra3 (33. a7 $15) 33... Ba8 (33... Be4 $17 {Threatens to win with ...Ne6.} 34. a7 Rd8) 34. a7 Ne6 35. Rd7 Rd8 36. Rxd8+ Bxd8 37. Ra6 Bc7 {aiming for ...Kf7.} 38. Bxe5 $1 {The position is equal.} dxe5 39. Rxe6 Kf7 40. Ra6 Bd8 41. Rd6 Ke7 42. Rg6 Kf7 43. Rd6 Ke7 44. Rg6 {Precision: White = 39%, Black = 25%.} 1/2-1/2

[Event "Guimaraes Open 2018"]
[Site "Guimaraes"]
[Date "2018.10.06"]
[Round "5"]
[White "Fernandes, Ricardo Paulos"]
[Black "Silva, Daniel Frederico Va"]
[Result "1-0"]
[WhiteElo "2098"]
[BlackElo "1709"]
[Annotator "NA RC"]
[PlyCount "64"]
[EventDate "2018.10.04"]
[EventType "swiss"]
[EventCountry "POR"]
[SourceTitle "playchess.com"]
[Source "ChessBase"]
[SourceQuality "1"]
[TimeControl "5400+30"]

1. Nf3 {[%emt 0:00:00]} d5 {[%emt 0:00:08]} 2. g3 {[%emt 0:00:00]} Nf6 {[%emt 0:01:23]} 3. Bg2 {[%emt 0:00:00]} e6 {[%emt 0:02:09]} 4. d3 {[%emt 0:00:00]} Be7 {[%emt 0:02:33]} 5. Nbd2 {[%emt 0:00:24]} O-O {[%emt 0:02:07]} 6. O-O {[%emt 0:00:04]} c5 {[%emt 0:02:15]} 7. e3 {[%emt 0:03:57] A07: Réti Opening: New York and Capablanca Systems} (7. e4 Nc6 8. Re1 Qc7 9. e5 Nd7 10. Qe2 b5 11. Nf1 Bb7 12. Bf4 Rfc8 13. Ne3 Qd8 14. h4 h6 15. c3 b4 16. c4 Nb6 17. Rad1 Rc7 18. Ng4 Qf8 19. Qe3 Nd4 20. Nxd4 cxd4 {0-1 (44) Svidler,P (2760)-Kramnik,V (2800) Moscow 2018}) 7... Nc6 {[%emt 0:02:20]} 8. b3 {[%emt 0:00:07]} b5 {[%emt 0:04:04]} 9. Bb2 {[%emt 0:01:24]} Bb7 {[%emt 0:03:51]} 10. Re1 {[%emt 0:02:30]} Qc7 {[%emt 0:04:47]} 11. a3 {[%emt 0:00:06]} Rac8 $146 {[%emt 0:01:04]} ({Predecessor:} 11... a6 12. Nf1 Rfd8 13. h3 e5 14. Ra2 Bd6 15. e4 d4 16. N1h2 c4 17. dxc4 bxc4 18. bxc4 {0-1 (26) Ducharme,S (905)-Schalkwijk,P (1382) LSS email 2011}) 12. c4 {[%emt 0:02:33]} a6 {[%emt 0:01:06]} 13. Rc1 {[%emt 0:00:18]} Nd7 {[%emt 0:03:55]} 14. e4 {[%emt 0:06:29]} d4 {[%emt 0:07:00]} 15. cxb5 {[%emt 0:10:20]} axb5 {[%emt 0:01:23]} 16. Rf1 {[%emt 0:00:59]} Qb8 {[%emt 0:04:10]} 17. Ne1 {[%emt 0:01:52]} Nb6 {[%emt 0:04:35]} 18. f4 {[%emt 0:00:19]} f5 {[%emt 0:00:56]} 19. Qe2 {[%emt 0:08:11]} Bd6 {[%emt 0:04:15]} 20. Qh5 {[%emt 0:15:29]} Na5 {[%emt 0:07:32]} 21. Nef3 {[%emt 0:00:42]} Rf6 $2 {[%emt 0:06:56] [#]} (21... Be7 $14) 22. Ng5 $1 {[%emt 0:00:05]} h6 {[%emt 0:00:27]} 23. e5 {[%emt 0:00:20]} Bxe5 $2 {[%emt 0:04:55]} (23... Rff8 24. Nxe6 (24. exd6 Bxg2 25. Kxg2 hxg5 $16) 24... Bxg2) 24. fxe5 {[%emt 0:00:13]} Qxe5 {[%emt 0:00:13]} 25. Rce1 {[%emt 0:00:40]} Qd6 {[%emt 0:00:48]} 26. Bxb7 {[%emt 0:00:47]} Nxb7 {[%emt 0:00:10]} 27. Nde4 {[%emt 0:01:27]} fxe4 {[%emt 0:02:05]} 28. Rxf6 {[%emt 0:00:02]} hxg5 {[%emt 0:00:27]} 29. Qf7+ {[%emt 0:00:54]} Kh8 {[%emt 0:00:43]} 30. Rxe6 {[%emt 0:00:08]} Qd5 {[%emt 0:00:42]} 31. Re8+ {[%emt 0:00:19]} (31. Qg6 $142) 31... Rxe8 $18 {[%emt 0:00:18]} 32. Qxe8+ {[%emt 0:00:05]} Kh7 {[%emt 0:00:08]} 1-0

[Event "Guimaraes Open 2018"]
[Site "Guimaraes"]
[Date "2018.10.06"]
[Round "5"]
[White "Fernandes, Miguel Antonio"]
[Black "Veiga, Jose Francisco Reis"]
[Result "0-1"]
[WhiteElo "2048"]
[BlackElo "2272"]
[Annotator "TA"]
[PlyCount "68"]
[EventDate "2018.10.04"]
[EventType "swiss"]
[EventCountry "POR"]
[SourceTitle "playchess.com"]
[Source "ChessBase"]
[SourceQuality "1"]

{[%evp 24,68,43,44,48,23,91,85,83,6,58,53,41,35,44,37,56,65,67,77,72,81,89,82,100,-49,-52,-43,-47,-107,-125,-107,-117,-105,-118,-175,-168,-168,-160,-29981,-29982,-29982,-29983,-29991,-29980,-29993,-29994]} 1. d4 Nf6 2. c4 c5 3. d5 e6 4. Nc3 exd5 5. cxd5 d6 6. Nf3 g6 7. Nd2 Nbd7 8. e4 Bg7 9. Be2 a6 10. a4 O-O 11. O-O Re8 12. Qc2 Rb8 13. a5 {LiveBook: 15 Games} Qe7 {A77: Modern Benoni: Classical: 9...Re8 10 Nd2: 10...a6 and 10...Nbd7} (13... Qc7 14. h3 b5 15. axb6 Nxb6 16. Re1 Nfd7 17. Nb3 Ne5 18. f4 c4 19. Na5 Qc5+ 20. Kf1 Nd3 21. Bxd3 cxd3 22. Qxd3 {1-0 (57) Van Wely,L (2653)-Giri,A (2642) Eindhoven 2010}) 14. h3 g5 $146 (14... Ne5 $11 {remains equal.}) ({Predecessor:} 14... Nh5 15. Nc4 Bd4 16. Bxh5 gxh5 17. Be3 Ne5 18. Bxd4 cxd4 {0-1 (58) Jimenez Jimenez,L (1951)-Crispin Ferreras,D (2227) Santo Domingo 2017}) 15. Nc4 $16 h6 {[%cal Rf6e4] White is better.} 16. Ra3 (16. Be3 $16) 16... Ne5 (16... Nxe4 $11 17. Qxe4 Qxe4 18. Nxe4 Rxe4) 17. Nb6 Ng6 18. Nxc8 Rbxc8 19. Ra4 Nd7 20. Bg4 Rb8 21. Bxd7 Qxd7 22. Ne2 $1 b5 23. axb6 $1 Rxb6 24. b3 (24. Ng3 $1 $16) 24... Reb8 $15 25. Ng3 Rxb3 26. Rxa6 {[#]} (26. Ra5 $15) 26... Rxg3 $1 $17 {[%mdl 512]} 27. fxg3 {Strongly threatening Rf3.} Bd4+ 28. Rf2 Qb5 ({But not} 28... Bxf2+ $6 29. Qxf2 Rb1 30. Qc2 $11) 29. Rxd6 {[#]} (29. Ra4 $17 {was necessary.} Bxf2+ 30. Kxf2) 29... Qb1 $1 $40 {[%cal Rb1c2][%mdl 128] ( -> ...Qxc2). Black goes for the king.} 30. Rxg6+ fxg6 31. Qc4 $2 (31. Kh2 $17) 31... Rf8 {Black mates.} 32. d6+ Kg7 33. Kh2 Bxf2 34. Qe6 Qxc1 {Precision: White = 46%, Black = 70%.} 0-1